MLB Teams' Opening Day Starting Pitchers 2021 - Statistics

General Stats
  • This quiz has been taken 84 times
  • The average score is 20 of 30
Answer Stats
Hint Answer % Correct
Los Angeles Dodgers Clayton Kershaw
90%
New York Yankees Gerrit Cole
87%
Washington Nationals Max Scherzer
86%
New York Mets Jacob deGrom
84%
Cleveland Indians Shane Bieber
84%
Atlanta Braves Max Fried
83%
Houston Astros Zack Greinke
81%
San Diego Padres Yu Darvish
80%
Philadelphia Phillies Aaron Nola
79%
Chicago Cubs Kyle Hendricks
77%
Chicago White Sox Lucas Giolito
77%
Toronto Blue Jays Hyun-jin Ryu
74%
Arizona Diamondbacks Madison Bumgarner
74%
Milwaukee Brewers Brandon Woodruff
73%
Cincinnati Reds Luis Castillo
70%
Baltimore Orioles John Means
69%
Miami Marlins Sandy Alcántara
69%
Colorado Rockies German Marquez
67%
Tampa Bay Rays Tyler Glasnow
67%
Boston Red Sox Nathan Eovaldi
66%
St. Louis Cardinals Jack Flaherty
64%
Minnesota Twins Kenta Maeda
59%
San Francisco Giants Kevin Gausman
54%
Detroit Tigers Matthew Boyd
53%
Oakland A's Chris Bassitt
49%
Los Angeles Angels Dylan Bundy
44%
Kansas City Royals Brad Keller
36%
Seattle Mariners Marco Gonzales
34%
Texas Rangers Lance Lynn
30%
Pittsburgh Pirates Chad Kuhl
26%
No matching quizzes found
Score Distribution
Percent of People with Each Score
Percentile by Number Answered
Your Score History
You have not taken this quiz